[Event "MSR2018s4"]
[Site "?"]
[Date "2018.04.24"]
[Round "5.1"]
[White "Magdova, Lucia"]
[Black "Marcinkova, Lydia"]
[Result "0-1"]
[BlackElo "1000"]
[WhiteElo "1000"]
[LiveChessVersion "1.4.8"]

1. e4 {[%clk 1:30:58]} e5 {[%clk 1:30:51]} 2. Bc4 {[%clk 1:31:04]} Nf6
{[%clk 1:31:10]} 3. Nc3 {[%clk 1:30:49]} Nc6 {[%clk 1:30:47]} 4. Qf3
{[%clk 1:29:47]} Nd4 {[%clk 1:30:45]} 5. Qd3 {[%clk 1:29:18]} Bc5
{[%clk 1:30:17]} 6. Nf3 {[%clk 1:28:55]} d6 7. Nxd4 {[%clk 1:27:42]} exd4
{[%clk 1:29:19]} 8. Qf3 {[%clk 1:27:29]} dxc3 {[%clk 1:29:19]} 9. bxc3
{[%clk 1:27:29]} Bg4 {[%clk 1:29:19]} 10. Qg3 {[%clk 1:27:29]} O-O
{[%clk 1:29:19]} 11. d3 {[%clk 1:27:29]} Qd7 {[%clk 1:29:19]} 12. Bg5
{[%clk 1:27:29]} h6 {[%clk 1:29:19]} 13. Bxf6 {[%clk 1:27:29]} gxf6
{[%clk 1:29:19]} 14. Qh4 {[%clk 1:22:54]} Ba3 {[%clk 1:25:41]} 15. Qxf6
{[%clk 1:22:21]} Rae8 {[%clk 1:24:40]} 16. h3 {[%clk 1:22:41]} Be6
{[%clk 1:23:46]} 17. Bxe6 {[%clk 1:22:06]} Qxe6 {[%clk 1:23:29]} 18. Qh4
{[%clk 1:21:26]} Qe7 {[%clk 1:23:16]} 19. Qxh6 {[%clk 1:21:23]} Qe6
{[%clk 1:22:45]} 20. Qg5+ {[%clk 1:21:23]} Qg6 {[%clk 1:22:31]} 21. Qh4
{[%clk 1:20:45]} d5 {[%clk 1:22:25]} 22. Rb1 {[%clk 1:16:12]} Re7
{[%clk 1:22:25]} 23. Rxb7 {[%clk 1:15:44]} dxe4 {[%clk 1:22:38]} 24. Rxa7
{[%clk 1:15:10]} exd3+ {[%clk 1:22:48]} 25. Kf1 {[%clk 1:14:56]} dxc2
{[%clk 1:22:46]} 26. Qf4 {[%clk 1:14:36]} Bd6 {[%clk 1:22:50]} 27. Qc1
{[%clk 1:14:02]} Bc5 {[%clk 1:23:19]} 28. Ra5 {[%clk 1:12:07]} Rd8
{[%clk 1:23:36]} 29. g4 {[%clk 1:12:06]} Rd1+ {[%clk 1:23:56]} 30. Qxd1
{[%clk 1:11:48]} cxd1=Q+ 31. Kg2 {[%clk 1:11:47]} Qe4+ {[%clk 1:23:35]} 32. Kh2
{[%clk 1:10:55]} Bd6+ {[%clk 1:24:02]} 33. f4 {[%clk 1:10:20]} Bxf4#
{[%clk 1:24:16]} 0-1

[Event "MSR2018s4"]
[Site "?"]
[Date "2018.04.24"]
[Round "5.2"]
[White "Valentova, Sophia"]
[Black "Cukerova, Livia"]
[Result "0-1"]
[BlackElo "1000"]
[WhiteElo "1000"]
[LiveChessVersion "1.4.8"]

1. e4 {[%clk 1:30:55]} c5 {[%clk 1:30:32]} 2. Nf3 {[%clk 1:30:36]} d6
{[%clk 1:30:11]} 3. Bc4 {[%clk 1:30:05]} Nf6 {[%clk 1:29:53]} 4. Nc3
{[%clk 1:29:18]} g6 {[%clk 1:29:26]} 5. O-O {[%clk 1:28:55]} Bg7 {[%clk 1:29:07]}
6. d4 {[%clk 1:28:04]} cxd4 {[%clk 1:29:22]} 7. Nxd4 {[%clk 1:28:02]} Nc6
{[%clk 1:27:35]} 8. Bf4 {[%clk 1:28:00]} Nxd4 {[%clk 1:25:20]} 9. Qxd4
{[%clk 1:27:37]} O-O {[%clk 1:24:13]} 10. e5 {[%clk 1:27:23]} dxe5
{[%clk 1:22:48]} 11. Bxe5 {[%clk 1:27:13]} Qxd4 {[%clk 1:19:37]} 12. Bxd4
{[%clk 1:27:01]} Bf5 {[%clk 1:17:05]} 13. Bb3 {[%clk 1:26:55]} Rfd8
{[%clk 1:14:37]} 14. Rfd1 {[%clk 1:26:08]} Rd7 {[%clk 1:11:47]} 15. Ba4
{[%clk 1:25:50]} Rd6 {[%clk 1:10:19]} 16. Be5 {[%clk 1:25:28]} Re6
{[%clk 1:08:19]} 17. f4 {[%clk 1:25:07]} Ne4 {[%clk 1:05:28]} 18. Rd4
{[%clk 1:24:26]} Bxe5 {[%clk 1:04:08]} 19. fxe5 {[%clk 1:24:31]} Nxc3
{[%clk 1:03:45]} 20. bxc3 {[%clk 1:24:46]} Rxe5 {[%clk 1:03:29]} 21. Rad1
{[%clk 1:24:03]} Kg7 {[%clk 0:58:50]} 22. Rd5 {[%clk 1:22:46]} Rxd5
{[%clk 0:57:19]} 23. Rxd5 {[%clk 1:22:41]} Rc8 {[%clk 0:54:42]} 24. Bd7
{[%clk 1:22:04]} Bxd7 {[%clk 0:54:40]} 25. Rxd7 {[%clk 1:22:11]} Rxc3
{[%clk 0:54:13]} 26. Rxe7 {[%clk 1:22:04]} Rxc2 {[%clk 0:53:45]} 27. a4
{[%clk 1:22:08]} Ra2 {[%clk 0:53:25]} 28. g4 Rxa4 29. g5 {[%clk 1:21:21]} Rg4+
{[%clk 0:53:18]} 30. Kf2 Rxg5 31. h4 {[%clk 1:19:30]} Rc5 {[%clk 0:52:12]} 32.
Rxb7 {[%clk 1:19:30]} a5 {[%clk 0:52:11]} 33. Ke3 {[%clk 1:17:57]} a4
{[%clk 0:52:13]} 34. Kd4 {[%clk 1:17:43]} Ra5 {[%clk 0:51:05]} 35. Kc4
{[%clk 1:17:38]} a3 {[%clk 0:49:10]} 36. Rb5 {[%clk 1:17:40]} Rxb5
{[%clk 0:48:42]} 37. Kxb5 {[%clk 1:17:53]} a2 {[%clk 0:48:59]} 38. Kc4
{[%clk 1:18:03]} a1=Q {[%clk 0:49:10]} 39. Kb3 {[%clk 1:17:37]} Qd4
{[%clk 0:48:38]} 40. Kc2 {[%clk 1:17:18]} Qe3 {[%clk 0:48:39]} 41. Kd1
{[%clk 1:15:35]} Qf2 {[%clk 0:48:45]} 42. Kc1 {[%clk 1:15:31]} Kf6
{[%clk 0:48:45]} 43. Kd1 Ke5 44. Kc1 {[%clk 1:14:40]} Kd4 {[%clk 0:49:07]} 45.
Kb1 {[%clk 1:14:33]} Kc3 {[%clk 0:49:23]} 46. Kc1 {[%clk 1:14:34]} Qc2# 0-1

[Event "MSR2018s4"]
[Site "?"]
[Date "2018.04.24"]
[Round "5.3"]
[White "Haasova, Timea"]
[Black "Mederlyova, Beata"]
[Result "1-0"]
[BlackElo "1000"]
[WhiteElo "1203"]
[LiveChessVersion "1.4.8"]

1. e4 {[%clk 1:30:58]} e5 {[%clk 1:30:59]} 2. Nf3 {[%clk 1:31:16]} Nc6
{[%clk 1:31:17]} 3. Bc4 {[%clk 1:31:31]} Bc5 {[%clk 1:31:38]} 4. c3
{[%clk 1:31:37]} Nf6 {[%clk 1:31:21]} 5. d3 {[%clk 1:31:45]} d6 {[%clk 1:30:51]}
6. O-O {[%clk 1:31:31]} O-O {[%clk 1:31:11]} 7. h3 {[%clk 1:31:01]} Nh5
{[%clk 1:28:22]} 8. Nxe5 {[%clk 1:24:50]} Nxe5 {[%clk 1:26:31]} 9. Qxh5
{[%clk 1:24:54]} c6 {[%clk 1:19:02]} 10. Bg5 {[%clk 1:23:27]} Qc7
{[%clk 1:15:56]} 11. b4 {[%clk 1:21:58]} Bb6 {[%clk 1:15:45]} 12. a4
{[%clk 1:20:03]} a6 {[%clk 1:15:58]} 13. Nd2 {[%clk 1:19:35]} Ba7
{[%clk 1:14:42]} 14. d4 {[%clk 1:14:14]} Nxc4 {[%clk 1:14:17]} 15. Nxc4
{[%clk 1:14:17]} Bb8 {[%clk 1:14:22]} 16. e5 {[%clk 1:12:31]} dxe5
{[%clk 1:13:57]} 17. dxe5 {[%clk 1:12:25]} b5 {[%clk 1:13:16]} 18. Nd6
{[%clk 1:11:26]} f6 {[%clk 1:09:43]} 19. Bf4 {[%clk 1:08:36]} Bd7
{[%clk 1:05:29]} 20. Rfe1 {[%clk 1:03:01]} c5 {[%clk 1:03:39]} 21. e6
{[%clk 1:01:22]} Bc6 {[%clk 1:03:22]} 22. e7 {[%clk 1:01:04]} Ba7
{[%clk 1:03:47]} 23. exf8=Q+ {[%clk 1:01:00]} Kxf8 {[%clk 1:03:29]} 24. Qxh7 Qf7
{[%clk 1:00:00]} 25. Nxf7 {[%clk 0:58:36]} Kxf7 {[%clk 1:00:24]} 26. Bd6
{[%clk 0:56:53]} Rd8 {[%clk 1:00:48]} 27. Re7+ {[%clk 0:56:49]} Kf8
{[%clk 1:00:09]} 28. Qh8# 1-0

[Event "MSR2018s4"]
[Site "?"]
[Date "2018.04.24"]
[Round "5.4"]
[White "Banas, Samuel"]
[Black "Durovka, Marek"]
[Result "0-1"]
[BlackElo "1000"]
[WhiteElo "1063"]
[LiveChessVersion "1.4.8"]

1. d4 {[%clk 1:30:29]} Nf6 {[%clk 1:30:53]} 2. Nf3 {[%clk 1:30:23]} e6
{[%clk 1:31:09]} 3. Bf4 {[%clk 1:30:17]} b6 {[%clk 1:31:10]} 4. e3
{[%clk 1:30:01]} Bb7 {[%clk 1:31:33]} 5. Bd3 {[%clk 1:29:45]} Be7
{[%clk 1:31:51]} 6. O-O {[%clk 1:30:03]} O-O {[%clk 1:32:03]} 7. c3
{[%clk 1:30:11]} c5 {[%clk 1:31:05]} 8. Nbd2 {[%clk 1:29:56]} Nc6
{[%clk 1:29:43]} 9. Qc2 {[%clk 1:27:26]} Rc8 {[%clk 1:28:50]} 10. Rfe1
{[%clk 1:26:45]} cxd4 {[%clk 1:27:11]} 11. exd4 {[%clk 1:26:49]} Nb4
{[%clk 1:27:12]} 12. Qb1 {[%clk 1:24:33]} Nxd3 {[%clk 1:25:58]} 13. Qxd3
{[%clk 1:24:28]} Nh5 {[%clk 1:24:59]} 14. Be5 {[%clk 1:23:57]} d6
{[%clk 1:24:43]} 15. Bg3 {[%clk 1:24:02]} Nxg3 16. hxg3 {[%clk 1:24:09]} Qc7
{[%clk 1:17:19]} 17. c4 {[%clk 1:20:14]} Bf6 {[%clk 1:16:26]} 18. Rab1
{[%clk 1:19:14]} Ba6 {[%clk 1:08:01]} 19. b3 {[%clk 1:19:09]} d5 {[%clk 1:06:57]}
20. Rbc1 {[%clk 1:18:23]} Rfe8 {[%clk 0:59:09]} 21. Kh2 {[%clk 1:18:07]} e5
{[%clk 0:58:40]} 22. dxe5 {[%clk 1:18:02]} Bxe5 {[%clk 0:58:34]} 23. Rh1
{[%clk 1:18:04]} dxc4 {[%clk 0:56:22]} 24. bxc4 {[%clk 1:18:20]} Rcd8
{[%clk 0:52:31]} 25. Kg1 {[%clk 1:18:28]} Rxd3 {[%clk 0:52:31]} 26. Ne4
{[%clk 1:15:28]} Bb2 {[%clk 0:51:50]} 27. Re1 {[%clk 1:15:11]} Qxc4
{[%clk 0:51:37]} 28. Nfg5 {[%clk 1:15:03]} h6 {[%clk 0:51:25]} 29. Kh2
{[%clk 1:11:42]} hxg5 {[%clk 0:51:35]} 30. Nd6 {[%clk 1:11:30]} Rxe1
{[%clk 0:50:50]} 31. Nxc4 {[%clk 1:11:46]} Rxh1+ {[%clk 0:51:03]} 32. Kxh1
{[%clk 1:11:42]} Bxc4 {[%clk 0:51:24]} 33. Kh2 {[%clk 1:11:17]} Bxa2
{[%clk 0:51:47]} 34. Kh3 Be6+ {[%clk 0:51:35]} 35. Kh2 {[%clk 1:10:19]} a5
{[%clk 0:51:37]} 36. Kh1 {[%clk 1:09:30]} a4 {[%clk 0:51:49]} 37. Kh2
{[%clk 1:09:40]} a3 {[%clk 0:52:07]} 38. Kh1 {[%clk 1:10:04]} a2 {[%clk 0:52:07]}
39. Kh2 {[%clk 1:10:26]} a1=Q {[%clk 0:52:24]} 40. g4 {[%clk 1:10:34]} Be5+
{[%clk 0:52:24]} 41. g3 {[%clk 1:10:33]} Bxg3+ {[%clk 0:51:28]} 42. fxg3
{[%clk 1:10:25]} Rd2+ 43. Kh3 Rd3 44. Kh2 Rd2+ 45. Kh3 Qh1# 0-1

[Event "MSR2018s4"]
[Site "?"]
[Date "2018.04.24"]
[Round "5.5"]
[White "Roman, Jakub"]
[Black "Strapec, Lukas"]
[Result "0-1"]
[BlackElo "1201"]
[WhiteElo "1000"]
[LiveChessVersion "1.4.8"]

1. e4 {[%clk 1:30:30]} c5 {[%clk 1:30:30]} 2. d4 {[%clk 1:30:30]} cxd4
{[%clk 1:30:18]} 3. c3 {[%clk 1:30:50]} dxc3 {[%clk 1:28:40]} 4. Nxc3
{[%clk 1:30:59]} Nc6 {[%clk 1:24:58]} 5. Nf3 {[%clk 1:30:50]} g6 {[%clk 1:23:15]}
6. Bc4 {[%clk 1:30:19]} d6 {[%clk 1:20:11]} 7. e5 {[%clk 1:30:33]} e6
{[%clk 1:08:40]} 8. Bg5 {[%clk 1:30:19]} Be7 {[%clk 1:00:17]} 9. Bxe7
{[%clk 1:29:28]} Ngxe7 {[%clk 0:57:35]} 10. exd6 {[%clk 1:29:35]} Nf5
{[%clk 0:56:18]} 11. Nb5 {[%clk 1:29:38]} O-O {[%clk 0:50:39]} 12. O-O
{[%clk 1:29:12]} a6 {[%clk 0:47:27]} 13. Nc7 {[%clk 1:28:46]} Rb8
{[%clk 0:43:26]} 14. Ng5 {[%clk 1:28:49]} Qxg5 {[%clk 0:42:09]} 15. d7
{[%clk 1:28:34]} Nh4 {[%clk 0:41:48]} 16. g3 {[%clk 1:28:33]} Rd8
{[%clk 0:37:43]} 17. Bxe6 {[%clk 1:28:32]} Qe5 {[%clk 0:30:54]} 18. Re1
{[%clk 1:28:26]} Qxc7 {[%clk 0:28:01]} 19. Bxf7+ {[%clk 1:28:09]} Kxf7
{[%clk 0:23:20]} 20. Qd5+ {[%clk 1:27:50]} Kg7 {[%clk 0:21:45]} 21. gxh4
{[%clk 1:26:15]} Qxd7 {[%clk 0:20:22]} 22. Qg2 {[%clk 1:25:35]} Qg4
{[%clk 0:20:32]} 23. Kh1 {[%clk 1:25:09]} Qxg2+ {[%clk 0:20:41]} 24. Kxg2
{[%clk 1:25:20]} Bf5 {[%clk 0:20:47]} 25. Rg1 Rd2 26. h5 {[%clk 1:23:44]} gxh5
{[%clk 0:19:41]} 27. Kf1+ {[%clk 1:23:32]} Kf7 {[%clk 0:19:33]} 28. Ke1
{[%clk 1:23:29]} Rxb2 {[%clk 0:19:50]} 29. h4 {[%clk 1:23:19]} Re8+
{[%clk 0:20:08]} 30. Kd1 {[%clk 1:23:33]} Ree2 {[%clk 0:19:27]} 31. Rc1
{[%clk 1:23:45]} Rbd2# 0-1

[Event "MSR2018s4"]
[Site "?"]
[Date "2018.04.24"]
[Round "5.6"]
[White "Zvoda, Matej"]
[Black "Dolnik, Michal"]
[Result "0-1"]
[BlackElo "1095"]
[WhiteElo "1000"]
[LiveChessVersion "1.4.8"]

1. e4 {[%clk 1:30:55]} c5 {[%clk 1:30:37]} 2. Bc4 {[%clk 1:31:01]} d6
{[%clk 1:29:53]} 3. Bb5+ {[%clk 1:31:02]} Bd7 {[%clk 1:29:39]} 4. Bxd7+ Qxd7
{[%clk 1:29:14]} 5. Nf3 {[%clk 1:30:41]} Nc6 {[%clk 1:28:42]} 6. Ng5
{[%clk 1:30:23]} Nf6 {[%clk 1:28:29]} 7. Qf3 {[%clk 1:30:12]} Ne5
{[%clk 1:27:11]} 8. Qf4 {[%clk 1:29:45]} e6 {[%clk 1:24:32]} 9. c3
{[%clk 1:29:33]} Nd3+ {[%clk 1:24:39]} 10. Kd1 {[%clk 1:28:07]} Nxf4
{[%clk 1:24:39]} 11. d4 {[%clk 1:27:55]} Ng6 {[%clk 1:24:17]} 12. e5
{[%clk 1:27:52]} dxe5 {[%clk 1:24:20]} 13. Re1 {[%clk 1:27:20]} exd4
{[%clk 1:24:13]} 14. cxd4 {[%clk 1:26:31]} Qxd4+ {[%clk 1:24:07]} 15. Bd2
{[%clk 1:25:45]} Qxf2 {[%clk 1:21:49]} 16. Be3 {[%clk 1:24:49]} Qxb2
{[%clk 1:21:05]} 17. Bd2 {[%clk 1:23:28]} Qxa1 {[%clk 1:21:08]} 18. Ke2
{[%clk 1:23:23]} O-O-O {[%clk 1:20:08]} 19. Nc3 {[%clk 1:22:51]} Qb2
{[%clk 1:19:36]} 20. Rb1 {[%clk 1:22:35]} Qxd2+ {[%clk 1:19:45]} 21. Kf1
{[%clk 1:21:32]} Qxg5 {[%clk 1:19:47]} 22. Kf2 {[%clk 1:21:08]} Qd2+
{[%clk 1:19:47]} 23. Kf1 {[%clk 1:20:51]} Qxc3 {[%clk 1:20:02]} 24. Rb3
{[%clk 1:20:30]} Qxb3 {[%clk 1:19:40]} 25. axb3 {[%clk 1:20:48]} Rd3
{[%clk 1:19:37]} 26. b4 {[%clk 1:21:03]} cxb4 {[%clk 1:19:54]} 27. Ke2
{[%clk 1:20:43]} Rd5 {[%clk 1:20:01]} 28. g4 {[%clk 1:20:07]} Nxg4
{[%clk 1:19:58]} 29. h4 {[%clk 1:20:27]} b3 {[%clk 1:20:15]} 30. h5
{[%clk 1:20:47]} b2 {[%clk 1:20:26]} 31. hxg6 {[%clk 1:20:56]} b1=Q
{[%clk 1:20:41]} 32. gxf7 {[%clk 1:21:03]} Qd3+ {[%clk 1:20:53]} 33. Ke1
{[%clk 1:21:11]} Qd1# 0-1

[Event "MSR2018s4"]
[Site "?"]
[Date "2018.04.24"]
[Round "5.7"]
[White "Meszaros, Casey Ryan"]
[Black "Sevcik, Ondrej"]
[Result "1-0"]
[BlackElo "1209"]
[WhiteElo "1000"]
[LiveChessVersion "1.4.8"]

1. e4 {[%clk 1:30:55]} e5 {[%clk 1:30:52]} 2. Nf3 {[%clk 1:31:12]} Nc6
{[%clk 1:31:12]} 3. Bc4 {[%clk 1:31:24]} Nf6 {[%clk 1:31:11]} 4. d3
{[%clk 1:31:46]} Bc5 {[%clk 1:31:19]} 5. O-O {[%clk 1:30:00]} h6 {[%clk 1:31:28]}
6. h3 {[%clk 1:29:50]} O-O {[%clk 1:31:46]} 7. Be3 {[%clk 1:28:46]} Bb6
{[%clk 1:31:57]} 8. Nbd2 {[%clk 1:22:34]} d6 {[%clk 1:31:59]} 9. Re1
{[%clk 1:20:33]} Be6 {[%clk 1:32:10]} 10. Bb3 {[%clk 1:20:19]} Qd7
{[%clk 1:30:59]} 11. Qe2 {[%clk 1:18:48]} Nb4 {[%clk 1:30:33]} 12. a3
{[%clk 1:16:52]} Bxb3 {[%clk 1:30:42]} 13. Nxb3 {[%clk 1:14:10]} Nc6
{[%clk 1:29:32]} 14. Rad1 {[%clk 1:11:19]} Na5 {[%clk 1:27:47]} 15. Qd2
{[%clk 1:05:05]} Nxb3 {[%clk 1:27:55]} 16. cxb3 {[%clk 1:05:11]} Qe6
{[%clk 1:27:15]} 17. Qc2 {[%clk 1:00:30]} d5 {[%clk 1:26:23]} 18. exd5
{[%clk 0:58:00]} Nxd5 {[%clk 1:26:37]} 19. Bxb6 {[%clk 0:57:02]} axb6
{[%clk 1:26:41]} 20. Rxe5 {[%clk 0:53:21]} Qd6 {[%clk 1:25:34]} 21. Rde1
{[%clk 0:48:58]} f6 {[%clk 1:25:25]} 22. R5e2 {[%clk 0:47:52]} Nf4
{[%clk 1:24:45]} 23. Rd2 {[%clk 0:46:30]} f5 {[%clk 1:23:29]} 24. Qc4+
{[%clk 0:40:45]} Kh8 {[%clk 1:23:25]} 25. Red1 {[%clk 0:28:28]} Rfe8
{[%clk 1:22:23]} 26. Nh4 {[%clk 0:22:47]} Re7 {[%clk 1:20:52]} 27. Qxf4
{[%clk 0:22:19]} Qxf4 {[%clk 1:14:29]} 28. Ng6+ {[%clk 0:22:37]} Kh7
{[%clk 1:13:55]} 29. Nxf4 {[%clk 0:22:50]} g5 {[%clk 1:13:10]} 30. Nd5
{[%clk 0:22:47]} Rd7 {[%clk 1:12:56]} 31. Nf6+ Kg7 {[%clk 1:12:22]} 32. Nxd7
{[%clk 0:23:31]} Rd8 {[%clk 1:11:24]} 33. Ne5 {[%clk 0:23:39]} Kf6
{[%clk 1:08:11]} 34. d4 {[%clk 0:23:00]} Re8 {[%clk 1:06:45]} 35. Nd7+ Kf7
{[%clk 1:06:13]} 36. Kf1 {[%clk 0:22:43]} Re7 {[%clk 1:02:05]} 37. Ne5+
{[%clk 0:22:59]} Kf6 {[%clk 1:02:01]} 38. Re2 {[%clk 0:23:09]} f4
{[%clk 1:00:54]} 39. Ng4+ {[%clk 0:23:22]} Kf7 {[%clk 1:00:57]} 40. Rxe7+
{[%clk 0:23:40]} Kg6 {[%clk 1:00:43]} 41. Rxc7 {[%clk 0:24:07]} Kh5
{[%clk 0:58:10]} 42. d5 {[%clk 0:24:17]} Kg6 {[%clk 0:57:46]} 43. d6
{[%clk 0:24:43]} Kh5 {[%clk 0:57:05]} 44. d7 {[%clk 0:24:42]} Kg6
{[%clk 0:59:06]} 45. d8=Q {[%clk 0:25:28]} Kh5 {[%clk 0:59:09]} 46. Qe8+
{[%clk 0:25:41]} Kh4 {[%clk 0:59:20]} 47. Rh7 {[%clk 0:25:32]} f3
{[%clk 0:59:03]} 48. Rxh6# 1-0

[Event "MSR2018s4"]
[Site "?"]
[Date "2018.04.24"]
[Round "5.8"]
[White "Hudak, Michal"]
[Black "Boba, Kristian"]
[Result "1-0"]
[BlackElo "1050"]
[WhiteElo "1031"]
[LiveChessVersion "1.4.8"]

1. e4 {[%clk 1:30:48]} e5 {[%clk 1:30:54]} 2. d4 {[%clk 1:30:57]} exd4
{[%clk 1:31:09]} 3. Qxd4 {[%clk 1:29:18]} Nc6 {[%clk 1:31:21]} 4. Qe3
{[%clk 1:29:41]} d6 {[%clk 1:31:24]} 5. Bd2 {[%clk 1:29:53]} Be7 {[%clk 1:31:11]}
6. Nc3 {[%clk 1:30:15]} Nf6 {[%clk 1:31:17]} 7. O-O-O {[%clk 1:30:33]} O-O
{[%clk 1:31:16]} 8. f4 {[%clk 1:30:44]} Bg4 {[%clk 1:30:35]} 9. Nf3
{[%clk 1:30:48]} Bxf3 {[%clk 1:30:13]} 10. gxf3 {[%clk 1:31:03]} Nd7
{[%clk 1:29:21]} 11. Bc4 {[%clk 1:31:17]} Bf6 {[%clk 1:28:52]} 12. Qf2
{[%clk 1:28:48]} Bd4 {[%clk 1:28:29]} 13. Qg3 {[%clk 1:28:13]} Bf6
{[%clk 1:27:28]} 14. Be3 {[%clk 1:27:42]} Bh4 {[%clk 1:27:11]} 15. Qg2
{[%clk 1:17:40]} Bf6 {[%clk 1:26:13]} 16. Rhg1 {[%clk 1:17:28]} Nb6
{[%clk 1:25:36]} 17. Qg3 {[%clk 1:17:28]} Nxc4 {[%clk 1:23:25]} 18. Bd2
{[%clk 1:08:50]} a6 {[%clk 1:23:15]} 19. f5 {[%clk 1:09:06]} Be5 {[%clk 1:22:49]}
20. Qg4 {[%clk 1:08:55]} Nxd2 {[%clk 1:22:25]} 21. Rxd2 {[%clk 1:09:10]} Qe7
{[%clk 1:20:39]} 22. Nd5 {[%clk 1:09:13]} Qd8 {[%clk 1:20:01]} 23. f4
{[%clk 1:09:19]} Bf6 {[%clk 1:19:12]} 24. e5 {[%clk 1:07:38]} dxe5
{[%clk 1:18:18]} 25. h4 {[%clk 1:05:37]} h6 {[%clk 1:17:50]} 26. Qh5
{[%clk 1:02:42]} exf4 {[%clk 1:14:03]} 27. Qxh6 {[%clk 1:02:42]} g6
{[%clk 1:04:19]} 28. fxg6 {[%clk 0:59:04]} Bg7 {[%clk 1:04:17]} 29. Qh7#
{[%clk 0:59:27]} 1-0

[Event "MSR2018s4"]
[Site "?"]
[Date "2018.04.24"]
[Round "5.9"]
[White "Elias, Simon"]
[Black "Kulich, Filip"]
[Result "1-0"]
[BlackElo "1000"]
[WhiteElo "1036"]
[LiveChessVersion "1.4.8"]

1. e4 {[%clk 1:30:57]} e5 {[%clk 1:20:59]} 2. Nf3 {[%clk 1:31:14]} Nf6
{[%clk 1:21:20]} 3. Nxe5 {[%clk 1:31:22]} Bd6 {[%clk 1:21:34]} 4. Nf3
{[%clk 1:31:19]} O-O {[%clk 1:21:57]} 5. d3 {[%clk 1:31:33]} Nc6 {[%clk 1:22:20]}
6. Nc3 {[%clk 1:31:18]} Re8 {[%clk 1:22:42]} 7. Bg5 {[%clk 1:31:19]} h6
{[%clk 1:22:48]} 8. Bh4 {[%clk 1:31:19]} Be7 {[%clk 1:22:46]} 9. d4 d6
{[%clk 1:22:57]} 10. h3 {[%clk 1:29:48]} b6 {[%clk 1:23:19]} 11. Bb5
{[%clk 1:28:04]} Bd7 {[%clk 1:23:40]} 12. O-O {[%clk 1:27:32]} a6
{[%clk 1:23:34]} 13. Bd3 {[%clk 1:27:16]} b5 {[%clk 1:23:49]} 14. a4
{[%clk 1:26:31]} b4 {[%clk 1:24:14]} 15. Ne2 {[%clk 1:26:09]} d5 {[%clk 1:24:13]}
16. e5 {[%clk 1:26:09]} Ne4 {[%clk 1:24:18]} 17. Ng3 {[%clk 1:25:31]} g5
{[%clk 1:24:10]} 18. Nxe4 {[%clk 1:24:28]} dxe4 {[%clk 1:24:26]} 19. Bxe4
{[%clk 1:24:06]} gxh4 {[%clk 1:24:53]} 20. Qd3 f5 {[%clk 1:19:35]} 21. Bxf5
{[%clk 1:22:14]} Bxf5 {[%clk 1:20:02]} 22. Qxf5 {[%clk 1:22:25]} Nxd4
{[%clk 1:20:21]} 23. Qg4+ {[%clk 1:21:46]} Bg5 {[%clk 1:20:17]} 24. Nxd4
{[%clk 1:20:39]} Rxe5 {[%clk 1:20:22]} 25. Rad1 {[%clk 1:20:21]} Qf6
{[%clk 1:20:29]} 26. Nf3 {[%clk 1:18:39]} Rf5 {[%clk 1:20:33]} 27. Qxb4
{[%clk 1:17:35]} Bf4 {[%clk 1:16:27]} 28. g4 {[%clk 1:15:58]} Bd6
{[%clk 1:16:40]} 29. Qb3+ {[%clk 1:14:46]} Kg7 {[%clk 1:16:45]} 30. Rxd6
{[%clk 1:14:15]} Rxf3 {[%clk 1:17:07]} 31. Rxf6 Rxb3 32. Rd6 {[%clk 1:13:28]} Rf3
33. Rf6 Rb3 {[%clk 1:17:27]} 34. Rxh6 {[%clk 1:15:11]} Rxh3 {[%clk 1:17:41]} 35.
Kg2 {[%clk 1:15:10]} Kxh6 {[%clk 1:17:50]} 36. Kxh3 {[%clk 1:15:27]} Kg5
{[%clk 1:18:18]} 37. f4+ {[%clk 1:15:29]} Kf6 {[%clk 1:18:45]} 38. Kxh4
{[%clk 1:15:38]} Rg8 {[%clk 1:19:13]} 39. Rg1 {[%clk 1:12:37]} Ke6
{[%clk 1:19:38]} 40. g5 {[%clk 1:12:41]} Kf5 {[%clk 1:20:01]} 41. Rg4 Rh8+ 42.
Kg3 {[%clk 1:08:48]} Re8 {[%clk 1:19:18]} 43. g6 {[%clk 1:08:56]} Re3+
{[%clk 1:19:43]} 44. Kh4 Re4 45. Kg3 Re3+ 46. Kh4 {[%clk 1:07:34]} Re1
{[%clk 1:19:58]} 47. Kh3 {[%clk 1:06:55]} Re3+ {[%clk 1:20:06]} 48. Rg3
{[%clk 1:06:33]} Rxg3+ {[%clk 1:20:31]} 49. Kxg3 {[%clk 1:06:48]} Kxg6
{[%clk 1:20:52]} 50. Kg4 {[%clk 1:07:03]} Kf6 {[%clk 1:21:10]} 51. f5
{[%clk 1:07:04]} Kg7 {[%clk 1:21:15]} 52. Kg5 {[%clk 1:07:13]} Kf7
{[%clk 1:21:31]} 53. f6 Kg8 54. Kg6 {[%clk 1:07:01]} a5 {[%clk 1:21:24]} 55. c3
{[%clk 1:07:10]} c5 {[%clk 1:21:38]} 56. c4 {[%clk 1:07:19]} Kh8 {[%clk 1:22:02]}
57. Kf5 {[%clk 1:07:32]} Kg8 {[%clk 1:22:19]} 58. Ke6 Kf8 59. f7 {[%clk 1:06:40]}
Kg7 {[%clk 1:22:29]} 60. Ke7 {[%clk 1:06:58]} Kg6 {[%clk 1:22:16]} 61. f8=Q
{[%clk 1:07:09]} Kg5 {[%clk 1:22:20]} 62. Qf6+ {[%clk 1:07:18]} Kg4
{[%clk 1:22:41]} 63. Ke6 {[%clk 1:07:13]} Kg3 {[%clk 1:23:04]} 64. Ke5
{[%clk 1:07:32]} Kg2 {[%clk 1:23:28]} 65. Qf4 {[%clk 1:07:40]} Kh1
{[%clk 1:23:53]} 66. Qg4 {[%clk 1:08:00]} Kh2 67. Kf4 Kh1 68. Kf3
{[%clk 1:08:08]} 1-0

[Event "MSR2018s4"]
[Site "?"]
[Date "2018.04.24"]
[Round "5.10"]
[White "Gobl, Fabian"]
[Black "Szczygel, Viktor"]
[Result "1-0"]
[BlackElo "1000"]
[WhiteElo "1118"]
[LiveChessVersion "1.4.8"]

1. d4 {[%clk 1:30:50]} Nc6 {[%clk 1:30:10]} 2. Nf3 {[%clk 1:31:02]} Nf6
{[%clk 1:30:09]} 3. Bf4 {[%clk 1:31:01]} d5 {[%clk 1:29:47]} 4. e3
{[%clk 1:31:14]} Bf5 {[%clk 1:28:44]} 5. Be2 {[%clk 1:30:28]} e6 {[%clk 1:28:08]}
6. O-O {[%clk 1:30:54]} Bb4 {[%clk 1:26:52]} 7. h3 {[%clk 1:30:56]} O-O
{[%clk 1:27:00]} 8. a3 {[%clk 1:30:53]} Nd7 {[%clk 1:26:10]} 9. axb4
{[%clk 1:30:58]} Qf6 {[%clk 1:24:49]} 10. c3 {[%clk 1:30:50]} Qg6
{[%clk 1:24:14]} 11. Nbd2 {[%clk 1:29:51]} Bxh3 {[%clk 1:23:49]} 12. Nh4
{[%clk 1:29:32]} Qf6 {[%clk 1:21:23]} 13. Bg3 {[%clk 1:29:31]} Bf5
{[%clk 1:18:29]} 14. Ndf3 {[%clk 1:28:59]} Rfe8 {[%clk 1:12:46]} 15. b5
{[%clk 1:28:12]} Be4 {[%clk 1:10:10]} 16. bxc6 {[%clk 1:28:02]} bxc6
{[%clk 1:10:00]} 17. Bxc7 {[%clk 1:27:47]} h6 {[%clk 1:04:48]} 18. Ba6
{[%clk 1:26:43]} Re7 {[%clk 1:03:37]} 19. Bb7 {[%clk 1:26:45]} Rae8
{[%clk 1:03:18]} 20. Bxc6 {[%clk 1:25:40]} e5 {[%clk 1:00:39]} 21. Rxa7
{[%clk 1:25:31]} Qxc6 {[%clk 0:54:56]} 22. dxe5 {[%clk 1:24:35]} Nxe5
{[%clk 0:55:07]} 23. Nxe5 {[%clk 1:23:55]} Rxe5 {[%clk 0:51:10]} 24. Bxe5
{[%clk 1:23:51]} Rxe5 {[%clk 0:51:23]} 25. Qa1 {[%clk 1:23:45]} Qf6
{[%clk 0:49:50]} 26. Ra8+ {[%clk 1:23:56]} Kh7 {[%clk 0:49:52]} 27. f4
{[%clk 1:23:43]} Qxh4 {[%clk 0:48:58]} 28. fxe5 {[%clk 1:23:43]} Qg3
{[%clk 0:48:42]} 29. Rf2 {[%clk 1:23:50]} Qxe3 {[%clk 0:45:46]} 30. Qa7
{[%clk 1:21:27]} Qe1+ {[%clk 0:44:52]} 31. Rf1 {[%clk 1:21:23]} Qe2
{[%clk 0:44:40]} 32. Qf2 {[%clk 1:21:16]} Qd3 {[%clk 0:40:08]} 33. Qxf7
{[%clk 1:20:45]} Qe2 {[%clk 0:39:46]} 34. Qf2 {[%clk 1:20:47]} Qd3
{[%clk 0:39:54]} 35. e6 {[%clk 1:20:37]} d4 {[%clk 0:26:44]} 36. e7
{[%clk 1:21:03]} Bxa8 {[%clk 0:26:36]} 37. e8=Q Bd5 38. cxd4 {[%clk 1:18:29]} h5
{[%clk 0:25:05]} 39. Qxh5+ {[%clk 1:18:35]} Kg8 {[%clk 0:24:44]} 40. Qf8#
{[%clk 1:18:24]} 1-0